Health Economics (Record no. 2513)

000 -LEADER
fixed length control field 00525nam a22001457a 4500
020 ## - INTERNATIONAL STANDARD BOOK NUMBER
International Standard Book Number 9788174733771
082 ## - DEWEY DECIMAL CLASSIFICATION NUMBER
Classification number 338
100 ## - MAIN ENTRY--PERSONAL NAME
Personal name Anand,N.K
245 ## - TITLE STATEMENT
Title Health Economics
260 ## - PUBLICATION, DISTRIBUTION, ETC.
Place of publication, distribution, etc. India
Name of publisher, distributor, etc. Aitbs publishers
Date of publication, distribution, etc. 2015
300 ## - PHYSICAL DESCRIPTION
Extent 553
942 ## - ADDED ENTRY ELEMENTS (KOHA)
Koha item type Book
Holdings
Withdrawn status Lost status Damaged status Not for loan Collection code Permanent Location Current Location Shelving location Date acquired Total Checkouts Full call number Barcode Date last seen Price effective from Koha item type
          Central Library (CL) Central Library (CL) General Stacks 01/25/2016   338 ANA S3H-S-649 09/28/2021 01/25/2016 Book
          Central Library (CL) Central Library (CL) General Stacks 01/25/2016   338 ANA S3H-S-648 09/28/2021 01/25/2016 Book
© 2023 Central Library, National University of Sciences and Technology. All Rights Reserved.